000 00677cam a22002413a 4500
001 4763
003 PGUSA
005 20140828083108.0
008 031201s2003||||xxu|||||s|||||000 | eng d
040 _aPGUSA
_beng
042 _adc
050 4 _aBC
100 1 _aCarroll, Lewis,
_d1832-1898
245 1 4 _aThe Game of Logic
_h[electronic resource] /
_cLewis Carroll
260 _bProject Gutenberg,
_c2003
506 _aPublic domain in the USA.
516 _aElectronic text
653 _aLogic -- Juvenile literature
653 _aLogic, Symbolic and mathematical
830 0 _aProject Gutenberg
_v4763
856 4 0 _uhttp://www.gutenberg.org/ebooks/4763
942 _cEB
999 _c234092
_d234092